LIBRARY ONLINE CATALOGUE

Ukiwa / (Record no. 2028)

MARC details
000 -LEADER
fixed length control field 00610cam a22002052 4500
001 - CONTROL NUMBER
control field 0000002679
005 - DATE AND TIME OF LATEST TRANSACTION
control field 20151217145730.0
008 - FIXED-LENGTH DATA ELEMENTS--GENERAL INFORMATION
fixed length control field 070418s xx 000 0 eng d
020 ## - INTERNATIONAL STANDARD BOOK NUMBER
International Standard Book Number 9966465359 :
Terms of availability KES 250
040 ## - CATALOGING SOURCE
Original cataloging agency KABU
Transcribing agency KABU
050 #0 - LIBRARY OF CONGRESS CALL NUMBER
Classification number PL8704
Item number .M53U35 1994
100 1# - MAIN ENTRY--PERSONAL NAME
Personal name Mkangi, Katama.
-- 0000152150
245 10 - TITLE STATEMENT
Title Ukiwa /
Statement of responsibility, etc. Katama Mkangi.
260 ## - PUBLICATION, DISTRIBUTION, ETC. (IMPRINT)
Place of publication, distribution, etc. Nairobi :
Name of publisher, distributor, etc. East African Educational Publishers,
Date of publication, distribution, etc. 1994.
300 ## - PHYSICAL DESCRIPTION
Extent 101 p. ;
Dimensions 18 cm.
440 #0 - SERIES STATEMENT/ADDED ENTRY--TITLE
Title Waandishi wa kiafrika
Volume/sequential designation S41 ;
-- 0000152123
908 ## - PUT COMMAND PARAMETER (RLIN)
Put command parameter 070418
950 ## - LOCAL HOLDINGS (RLIN)
-- 1
Holdings
Withdrawn status Lost status Source of classification or shelving scheme Not for loan Home library Current library Date acquired Total Checkouts Full call number Barcode Date last seen Price effective from Koha item type
    Library of Congress Classification   Kabarak, Main Campus Kabarak, Main Campus 17/12/2015   PL8704 .M53U35 1994 c. 1 008382 17/12/2015 17/12/2015 General Collection
    Library of Congress Classification   Kabarak, Main Campus Kabarak, Main Campus 17/12/2015   PL8704 .M53U35 1994 c. 2 015299 17/12/2015 17/12/2015 General Collection